书目信息 |
| 题名: |
水处理原理
|
|
| 作者: | 林家濂 摘译 | |
| 分册: | ||
| 出版信息: | 北京 中国建筑工业出版社 1975 |
|
| 页数: | 363页 | |
| 开本: | 19cm | |
| 丛书名: | ||
| 单 册: | ||
| 中图分类: | TU991.2 | |
| 科图分类: | ||
| 主题词: | 水处理--理论 , 给水工程:市政工程 , 城市供水系统 | |
| 电子资源: | ||
| ISBN: | ||
| 000 | 00727nam0 2200253 45 | |
| 001 | 0175002410 | |
| 005 | 20060303100454.96 | |
| 010 | @dCNY1.00 | |
| 100 | @a19951019d1975 em y0chiy0121 ea | |
| 101 | 1 | @achi@ceng |
| 102 | @aCN@b110000 | |
| 105 | @ay z 000yy | |
| 200 | 10 | @a水处理原理@Ashui chu li yuan li@f林家濂等摘译@Flin jia lian deng zhai yi |
| 210 | @a北京@c中国建筑工业出版社@d1975 | |
| 215 | @a363页@d19cm | |
| 300 | @a本书摘自美国G.M.非耳和J.C.格业所著《给水与废水处理》 | |
| 606 | @a水处理@x理论 | |
| 606 | 0 | @a给水工程:市政工程 |
| 606 | 0 | @a城市供水系统 |
| 690 | @aTU991.2@v3 | |
| 701 | 0 | @a林家濂@Alin jia lian@4摘译 |
| 801 | 2 | @aCN@bNLC@c20060303 |
| 801 | 0 | @aCN@bTSSF |
| 905 | @a10447@dTU991.2@e1 | |
| 水处理原理/林家濂等摘译.-北京:中国建筑工业出版社,1975 |
| 363页;19cm |
| 本书摘自美国G.M.非耳和J.C.格业所著《给水与废水处理》 |
| ISBN :CNY1.00 |
| ● |
| 相关链接 |
|
|
|
|
正题名:水处理原理
索取号:TU991.2/1
 
预约/预借
| 序号 | 登录号 | 条形码 | 馆藏地/架位号 | 状态 | 备注 |
| 1 | 0017768 | 001481319 | 密集书库/ [索取号:TU991.2/1] | 在馆 |